Online Catalogue and eLibrary

What is patriarchy? ., (Record no. 356)

MARC details
000 -LEADER
fixed length control field 00401nam a22001577a 4500
005 - DATE AND TIME OF LATEST TRANSACTION
control field 20240209030458.0
008 - FIXED-LENGTH DATA ELEMENTS--GENERAL INFORMATION
fixed length control field 240209b |||||||| |||| 00| 0 eng d
020 ## - INTERNATIONAL STANDARD BOOK NUMBER
ISBN 8185107734.
082 ## - DDC Classification
DDC Edition Number 22
Class No. 306.85
Item Number - Author Mark KAM.
100 ## - MAIN ENTRY--PERSONAL NAME
Personal name Bhasin, Kamla.
245 ## - TITLE STATEMENT
Title What is patriarchy? .,
Statement of responsibility, etc. Kamla, bhasin.
260 ## - PUBLICATION, DISTRIBUTION, ETC.
Place of publication, distribution, etc. New Delhi :
Name of publisher, distributor, etc. Kali for women,
Date of publication, distribution, etc. 1993.
300 ## - PHYSICAL DESCRIPTION
Extent (e.g. Volumes, Pages etc.) 41 p.,
650 ## - SUBJECT ADDED ENTRY--TOPICAL TERM
Topical term or geographic name entry element Feminism.
942 ## - Koha item type (Biblio)
Koha item type Books in Stacks (Lending)
Holdings
Lost status Damaged status Collection code Home library Current library Date acquired Full call number Accession Number Item type
    Lending WERC Library WERC Library 02/09/2024 306.85 KAM. 3163 Books in Stacks (Lending)

© WERC Library